| 000 | 01525cam a2200361 a 4500 | ||
|---|---|---|---|
| 001 | 12143153 | ||
| 003 | NUST - PNEC | ||
| 005 | 20170116181118.0 | ||
| 008 | 000815s2001 enka b 001 0 eng | ||
| 010 | _a 00064185 | ||
| 020 | _a0521802083 | ||
| 020 | _a0521001390 (pbk.) | ||
| 040 |
_aDLC _cLIBRARY _dDLC |
||
| 043 |
_ae-gx--- _ae-ge--- |
||
| 050 | 0 | 0 |
_aDD290.29 _b.M49 2001 |
| 082 | 0 | 0 |
_a943.08 MCA _221 |
| 100 | 1 | _aMcAdams, A. James. | |
| 245 | 1 | 0 |
_aJudging the past in unified Germany / _cA. James McAdams. |
| 260 |
_aCambridge, UK ; _aNew York : _bCambridge University Press, _c2001. |
||
| 300 |
_axix, 244 p. : _bill. ; _c24 cm. |
||
| 504 | _aIncludes bibliographical references (p. 227-238) and index. | ||
| 650 | 0 |
_aJustice, Administration of _zGermany (East) |
|
| 650 | 0 |
_aJustice, Administration of _xGeneral book _zGermany. |
|
| 650 | 0 |
_aJustice, Administration of _xPolitical aspects _zGermany (East) |
|
| 651 | 0 |
_aGermany _xHistory _yUnification, 1990. |
|
| 651 | 0 |
_aGermany (East) _xPolitics and government. |
|
| 856 | 4 | 2 |
_3Book review (H-Net) _uhttp://www.h-net.org/review/hrev-a0c8a4-aa |
| 856 | 4 | 2 |
_3Publisher description _uhttp://www.loc.gov/catdir/description/cam021/00064185.html |
| 856 | 4 | 1 |
_3Table of contents _uhttp://www.loc.gov/catdir/toc/cam025/00064185.html |
| 906 |
_a7 _bcbc _corignew _d1 _eocip _f20 _gy-gencatlg |
||
| 942 |
_2ddc _cBK |
||
| 999 |
_c69429 _d69429 |
||